Vnitřní audit, nebo vnitřní kontrola?
V posledných rokoch zaznamenali banky veľký rozvoj. Zmeny v riadení aj v systéme kontroly. Premena vnútorného kontrolného systému sa týka vnútornej kontroly aj vnútorného auditu. Odlišnosti medzi týmito dvoma činnosťami.
Saved in:
| Main Author: | |
|---|---|
| Format: | Book Chapter |
| Language: | Czech |
| Subjects: | |
| Tags: |
No Tags, Be the first to tag this record!
|
MARC
| LEADER | 00000naa a2200000 4500 | ||
|---|---|---|---|
| 001 | r024348 | ||
| 005 | 20221205085830.5 | ||
| 041 | 0 | |a cze | |
| 044 | |a CZ | ||
| 245 | 1 | 0 | |a Vnitřní audit, nebo vnitřní kontrola? |c Jana Báčová |
| 520 | |a V posledných rokoch zaznamenali banky veľký rozvoj. Zmeny v riadení aj v systéme kontroly. Premena vnútorného kontrolného systému sa týka vnútornej kontroly aj vnútorného auditu. Odlišnosti medzi týmito dvoma činnosťami. | ||
| 610 | 2 | 0 | |a kontrola vnútorná |
| 610 | 2 | 0 | |a bankovníctvo |
| 610 | 2 | 0 | |a banky |
| 610 | 2 | 0 | |a audítorstvo |
| 610 | 2 | 0 | |a aktíva |
| 100 | 1 | |a Báčová, Jana | |